LEADER 00936nam0-22003131i-450- 001 990003147900403321 035 $a000314790 035 $aFED01000314790 035 $a(Aleph)000314790FED01 035 $a000314790 100 $a20000920d1966----km-y0itay50------ba 101 0 $aita 102 $aIT 200 1 $a<>operaio nella società del benessere$fFerdynand Zweig$gPrefazione di Giovanni Cattaui De Menasce. 210 $aRoma$cEdizioni Cinque Lune$d\c\\1966. 215 $a323 p.$d22 cm 225 1 $aEconomia e diritto$v4 300 $a[Tit. orig.: The Worker in an Affluent Society] 676 $a18510 702 1$aCattaui De Menasce,$bGiovanni 702 1$aZweig,$bFerdynand 801 0$aIT$bUNINA$gRICA$2UNIMARC 901 $aBK 912 $a990003147900403321 952 $a18510 ZWE$b791/I$fSES 959 $aSES 996 $aOperaio nella società del benessere$9456071 997 $aUNINA DB $aING01 LEADER 01818nas 2200577-a 450 001 996212706803316 005 20191205063427.7 035 $a(OCoLC)42456366 035 $a(CKB)111086125839048 035 $a(CONSER)sn-99048670- 035 $a(DE-599)ZDB2010240-9 035 $a(EXLCZ)99111086125839048 100 $a19990929a19979999 o-- a 101 0 $aeng 135 $aur||||||||||| 181 $ctxt$2rdacontent 182 $cc$2rdamedia 183 $acr$2rdacarrier 200 00$aJournal of statistical software 210 3 $a[California] $cFoundation for Open Access Statistics 210 $a[Los Angeles, Calif.] $c[UCLA Statistics] 215 $a1 online resource 300 $aRefereed/Peer-reviewed 311 $a1548-7660 517 1 $aJSS 531 $aJ STAT SOFTW 531 $aJ. STAT. SOFTW 531 10$aJ Stat Softw 606 $aStatistics as Topic 606 $aSoftware 606 $aAlgorithms 606 $aStatistics$xData processing$vPeriodicals 606 $aStatistics$xComputer programs$vPeriodicals 606 $aStatistics$xComputer programs$2fast$3(OCoLC)fst01132111 606 $aStatistics$xData processing$2fast$3(OCoLC)fst01132113 608 $aPeriodical. 608 $aPeriodicals.$2fast 615 12$aStatistics as Topic. 615 22$aSoftware. 615 22$aAlgorithms. 615 0$aStatistics$xData processing 615 0$aStatistics$xComputer programs 615 7$aStatistics$xComputer programs. 615 7$aStatistics$xData processing. 676 $a005 712 02$aUniversity of California, Los Angeles.$bDepartment of Statistics. 712 02$aFoundation for Open Access Statistics. 906 $aJOURNAL 912 $a996212706803316 996 $aJournal of statistical software$92023997 997 $aUNISA